Las Representaciones sociales: ejes teóricos para su discusión /
Guardado en:
| Hovedforfatter: | |
|---|---|
| Format: | Texto |
| Tags: |
Tilføj Tag
Ingen Tags, Vær først til at tagge denne postø!
|
MARC
| LEADER | 00000 a a2200000 04500 | ||
|---|---|---|---|
| 001 | 46804 | ||
| 003 | |||
| 040 | |||
| 090 | |a REV0229 (127) 2002 | ||
| 100 | |a Araya Umaña, Sandra | ||
| 245 | |a Las Representaciones sociales: |b ejes teóricos para su discusión / |c Sandra Araya Umaña | ||
| 773 | |g número127, (2002), páginas 1-82 | ||
| 999 | |c 22540 |d 22540 | ||
